000 00289nam a22001337a 4500
008 170605b xxu||||| |||| 00| 0 eng d
020 _a030891930
041 _aeng
080 _23RD
_a94(4)
100 _a18
101 _aSHH
245 _aEUROPE SINCE 1914
_cCRAIG,G.A
942 _2udc
_cBK
999 _c15905
_d15905